| 000 | 00406nam a22001697a 4500 | ||
|---|---|---|---|
| 003 | NUST - PNEC | ||
| 005 | 20170116181009.0 | ||
| 008 | 150913b xxu||||| |||| 00| 0 eng d | ||
| 020 | _a0071001484 | ||
| 040 | _cLIBRARY | ||
| 082 | _a004.165 BYE | ||
| 100 |
_910007 _aByers, T.J. |
||
| 245 |
_aInside the IBM PC AT _cT.J. Byers |
||
| 260 | _cc.1985 | ||
| 650 |
_910006 _aNetwork _xMIS |
||
| 942 |
_2ddc _cBK |
||
| 999 |
_c67000 _d67000 |
||